LIBRARY & INFORMATION CENTRE, KCAET, TAVANUR

ONLINE PUBLIC ACCESS CATALOGUE (OPAC)

Microprocessors and interfacing: programming and hardware / (Record no. 9722)

MARC details
000 -LEADER
fixed length control field 00499cam a2200181ua 4500
041 ## - LANGUAGE CODE
Language code of text/sound track or separate title eng
082 ## - DEWEY DECIMAL CLASSIFICATION NUMBER
Classification number 005.26
Item number HAL/MI
100 ## - MAIN ENTRY--AUTHOR NAME
Personal name Hall, Douglas V .
245 ## - TITLE STATEMENT
Title Microprocessors and interfacing: programming and hardware /
260 ## - PUBLICATION, DISTRIBUTION, ETC. (IMPRINT)
Place of publication New Delhi :
Name of publisher Tata Mc-Graw Hill Publishing Company ,
Year of publication 1991.
300 ## - PHYSICAL DESCRIPTION
Number of Pages 554 ; .
942 ## - ADDED ENTRY ELEMENTS (KOHA)
Koha item type Books
Holdings
Withdrawn status Lost status Damaged status Home library Current library Date acquired Full call number Accession Number Koha item type
      KAUAET KAUAET 07/04/2012 005.26 19077 Books
      KAUAET KAUAET 07/04/2012 005.26 19078 Books
free website counter